000
00287nam a2200109Ia 4500
008
221030s9999 xx 000 0 und d
245
0
_a
Market Analysis of TATA DOCOMO in Chandigarh
260
_b
Tata Tele Services
_a
Chandigarh
_c
2011
300
_a
66
650
_a
Management
942
_c
TH
999
_c
14878
_d
14878